Les tendances géométriques en algèbre et théorie des nombres ...

Guardado en:
Autor Corporativo: Université de Clermont-Ferrand.
Otros Autores: Krasner, Marc.
Formato: Libro
Idioma:French
English
German
Publicado: Paris : Éditions du Centre national de la recherche scientifique, 1966.
Series:Colloques internationaux du Centre national de la recherche scientifique ; 143
Materias:
Etiquetas: Agregar Etiqueta
Sin Etiquetas, Sea el primero en etiquetar este registro!
LEADER 02656cam a22002771a 4500
001 MAT.inmabb005561
008 750313s1966####fr#######b####100#0#fre##
005 20170823160649.0
245 0 4 |a Les tendances géométriques en algèbre et théorie des nombres ... 
260 |a Paris :  |b Éditions du Centre national de la recherche scientifique,  |c 1966. 
300 |a 261 p. ;  |c 25 cm. 
440 0 |a Colloques internationaux du Centre national de la recherche scientifique ;  |v 143 
500 |a French, English or German; summaries in French for English and German articles. 
500 |a "Organisé à Clermont-Ferrand (Département de mathématiques de la Faculté des sciences) du 2 au 9 avril 1964, par M. Marc Krasner." 
504 |a Incluye referencias bibliográficas. 
505 0 |a Amice, Interpolation $p$-adique; C. Arf, Sur la structure du groupe de Galois de la fermeture algébrique d'un corps de séries de puissances sur un corps fini et les conducteurs d'Artin; E. Bombieri, On exponential sums in finite fields; F. Bruhat, Sous-groupes compacts maximaux des groupes semi-simples $ germ p$-adiques; J. W. S. Cassels, Représentations comme somme de carrés; F. Châtelet, Points rationnels sur certaines surfaces cubiques; B. Dwork, On zeta functions of hypersurfaces; E. Hlawka, Geometrie der Zahlen und trigonometrische Interpolation bei Funktionen von mehreren Variablen; K. Iwasawa, Some modules in local cyclotomic fields; M. Krasner, Prolongement analytique uniforme et multiforme dans les corps valués complets; M. Krasner, Nombre des extensions d'un degré d'un corps $ germ p$-adique; W. Krull, Über gewisse unendliche algebraische Zahlkörper; M. Lazard, Sur la cohomologie d'une algèbre de puissances divisées; Ch. Pisot, Ensembles remarquables de nombres algébriques; G. Poitou, Remarques sur l'homologie des groupes profinis; P. Ribenboim, Sur l'existence de corps ayant seulement un nombre fini de valuations discrètes; P. Samuel, Modules réflexifs et anneaux factoriels; W. Schmidt, Masstheorie in der Geometrie der Zahlen; J.-P. Serre, Existence de tours infinies de corps de classes, d'après Golod et Šafarevic; J.-P. Serre, Groupes de Lie $ germ l$-adiques attachés aux courbes elliptiques; J. Tate, Multiplication complexe formelle dans les corps locaux. 
510 4 |a MR,  |c 34 #2387 
700 1 |a Krasner, Marc. 
710 2 |a Université de Clermont-Ferrand. 
650 0 |a Number theory  |v Congresses. 
650 0 |a Algebraic fields  |v Congresses. 
084 |a 12.00 (00.00)  |2 MR 
010 |a  67077049  
040 |a DLC  |c OTU  |d OCoLC  |d NBrockU  |d DLC 
041 0 |a fre  |a eng  |a ger 
859 |h 12  |i K89  |p A-2739  |b BIB. MATEMATICA